000
00289cam a22001097a 4500
008
180718b1966 xxu||||| |||| 00| 0 eng d
082
_a
Q503 x42 Un3
245
_a
Ministry of social security act, 1966
_c
By HMSO
260
_a
London
_b
HMSO
_c
1966
300
_a
43p.
650
_a
Social security
999
_c
412685
_d
412685